Geography Quiz

Random Geography or Asia Quiz
Score 0/50 Timer 09:00
1 Play Today
Hint Answer % Correct
Flag ColorRed
94.4%
Flag ColorWhite
93.3%
Flag ColorGreen
93.2%
Bordering CountryIran
92.7%
Flag ColorBlack
91.9%
Capital CityBaghdad
89.4%
Nationality (Demonym)Iraqi
89.1%
Drives On the...Right
88.2%
Official ReligionIslam
87.6%
Bordering CountrySyria
86.3%
Bordering CountrySaudi Arabia
86.2%
Bordering CountryKuwait
83.7%
Official LanguageArabic
83.3%
Bordering CountryJordan
83.2%
Bordering CountryTurkey
81.8%
Primary ContinentAsia
80.9%
Age of Suffrage18
77.7%
Most Popular SportFootball (Soccer)
76.4%
Internet Country Code.iq
71.7%
Top 3 Export PartnerUnited States of America
68.7%
Official NameRepublic of Iraq
67.5%
Top Economic ExportOil
62.5%
Top 3 Export PartnerChina
59.7%
Second Longest RiverTigris River
56.3%
Ancient Wonder of the WorldHanging Gardens of Babylon
55.2%
Hint Answer % Correct
Longest RiverEuphrates River
54.7%
Ancient region, literally 'Land Between Rivers'Mesopotamia
51%
CurrencyIraqi Dinars (IQD)
44.7%
Top 3 Export PartnerIndia
43.3%
Second Largest CityAl-Mawsil
40.5%
Official LanguageKurdish
40.4%
Lowest Point (0 m)Persian Gulf
40.1%
Third Largest CityAl-Basrah
33.8%
Year Independence was Established1932
33.7%
Earliest Known CivilizationSumer
29%
Former Controlling Political PartyArab Socialist Ba'ath Party
27.3%
Oldest Known Writing SystemCuneiform
25.6%
Flag MottoAllahu Ackbar (God is Great)
24.5%
National SymbolGolden Eagle
24.1%
PresidentBarham Salih
20.7%
National FlowerRose
18.2%
Organization That Defined Iraq's BordersLeague of Nations
17.6%
Olympic Event Medaled InWeightlifting
17.3%
Prime MinisterMustafa Al-Kadhimi
16.7%
National AnthemMawtini (My Homeland)
14.5%
Republic DayJuly 14, 1958
13.7%
Type of GovernmentParliamentary Democracy
13.4%
Largest GovernorateAl Anbar
10.7%
Highest Point (3,611 m)Cheekha Dar
7.7%
Largest LakeLake Tharthar
7.3%
Remove Ads.
Support Sporcle.
Get the best of Sporcle when you Go Orange. This ad-free experience offers more features, more stats, and more fun while also helping to support Sporcle. Thank you for becoming a member.

You're not logged in!

Compare scores with friends on all Sporcle quizzes.
OR
Log In

Show Comments

Extras

Top Quizzes Today


Score Distribution

Your Account Isn't Verified!

In order to create a playlist on Sporcle, you need to verify the email address you used during registration. Go to your Sporcle Settings to finish the process.

Report this User

Report this user for behavior that violates our Community Guidelines.

Details: